000 00365nam a2200133Ia 4500
008 220216s9999 xx 000 0 und d
100 _aJutasi E
245 0 _aInfluence of mineral fillers on the tensile strength of swollen rubber
260 _bIRI Transactions
_c1945
300 _a227-241
650 _aMineral fillers
650 _aSwollen rubber
942 _cJS
999 _c61265
_d61265